Statistics for General Knowledge Quiz #99

Click here to take the quiz!

General Stats

  • This quiz has been taken 104,089 times
    (61,637 since last reset)
  • The average score is 12 of 20

Answer Stats

QuestionAnswer% Correct
What part of the body does a cardiologist specialize in?The Heart
94%
What does James Bond have a license to do?Kill
93%
What is the name of both a U.S. state and a country in Asia?Georgia
83%
Who, according to Forbes magazine in 2004, became the first billionaire author
in history?
J. K. Rowling
81%
What hourglass-shaped women's garment was made using whalebone?Corset
73%
What country is often associated with the color orange - despite
having a flag of red, white, and blue?
Netherlands
73%
How did James Dean die?Car accident
67%
What creature lived at the center of the labyrinth?Minotaur
67%
What kooky movie character, portrayed by Johnny Depp, was skilled at topiary?Edward Scissorhands
63%
What color, starting with M, is also referred to as fuchsia?Magenta
62%
On what would you find a field, motto, crest, and escutcheon?Coat of arms
52%
What country was "discovered" by Abel Tasman in 1642?New Zealand
52%
What is the last name of Donatella, Gianni, and Allegra ?Versace
52%
What has been given the nickname "La Ville-Lumière"?Paris
45%
What "be" word refers to clothing that is custom-made by a tailor?Bespoke
41%
What is the plural of court-martial?Courts-martial
35%
What is the name for a clay monster of Jewish folklore?Golem
34%
What is T.E. Lawrence better known as?Lawrence of Arabia
33%
What former Chevy car model had a name that could mean "not going" in Spanish?Nova
30%
What is the opposite of leeward?Windward
23%

Score Distribution

Percentile by Number Answered

Percent of People with Each Score

Your Score History

You have not taken this quiz since the last reset